000 00640cam a22002171 4500
001 1227968
003 ARRUPE
005 20211102112122.0
008 740518s1967 nyu 000 0 eng
010 _a 67027884
040 _aDLC
_cDLC
_dDLC
050 0 0 _aPR6066.I53
_bL6 1967
082 0 0 _a822/.9/14
100 1 _aPinter, Harold,
_d1930-2008.
_950916
245 1 4 _aThe lover. Tea party. The basement.
_bTwo plays and a film script.
260 _aNew York,
_bGrove Press
_c[1967]
300 _a112 p.
_c21 cm.
490 0 _aAn Evergreen book,
_vE-432
906 _a7
_bcbc
_corignew
_du
_eocip
_f19
_gy-gencatlg
942 _2lcc
_cMONOGRAPH
999 _c131079
_d131079